Catálogo público

Estudio de factibilidad técnico-económica para la puesta en marcha de una planta procesadora de cebada (Hordeum vulgare L., Hordeum distichum L.) en el municipio de Tlaxco, Tlaxcala / (Record no. 209562)

MARC details
000 -CABECERA
campo de control de longitud fija 04177nam a2200445Ia 4500
001 - NÚMERO DE CONTROL
campo de control dia_4964
003 - IDENTIFICADOR DEL NÚMERO DE CONTROL
campo de control CHAP
005 - FECHA Y HORA DE LA ÚLTIMA TRANSACCIÓN
campo de control 20240911180910.0
007 - CAMPO FIJO DE DESCRIPCIÓN FÍSICA--INFORMACIÓN GENERAL
campo de control de longitud fija ta
008 - DATOS DE LONGITUD FIJA--INFORMACIÓN GENERAL
campo de control de longitud fija 220601s2012 mx do frm 001 0 spa d
040 ## - FUENTE DE LA CATALOGACIÓN
Centro catalogador/agencia de origen mxchpua
Centro/agencia transcriptor CHAP
Normas de descripción rda
041 0# - CÓDIGO DE LENGUA
Código de lengua del texto/banda sonora o título independiente spa
Código de lengua del sumario o resumen eng
090 ## - LOCALMENTE ASIGNADO TIPO-LC NÚMERO DE CLASIFICACIÓN (OCLC); NÚMERO DE CLASIFICACIÓN LOCAL (RLIN)
Número de clasificación (OCLC) (R) ; Numero de clasificación, CALL (RLIN) (NR) Tesis
Número cutter local (OCLC) ; Número de libro/Signatura topográfica íntegra, CALL (RLIN) C47
año 2012
100 1# - ENTRADA PRINCIPAL--NOMBRE DE PERSONA
Nombre de persona Cervantes Luna, Juan Oswaldo
245 10 - MENCIÓN DE TÍTULO
Título Estudio de factibilidad técnico-económica para la puesta en marcha de una planta procesadora de cebada (Hordeum vulgare L., Hordeum distichum L.) en el municipio de Tlaxco, Tlaxcala /
Mención de responsabilidad, etc. Juan Oswaldo Cervantes Luna y Ricardo Sánchez González
264 ## - PRODUCCIÓN, PUBLICACIÓN, DISTRIBUCIÓN, FABRICACIÓN Y COPYRIGHT
Producción, publicación, distribución, fabricación y copyright Chapingo, México :
Nombre del de productor, editor, distribuidor, fabricante El autor,
Fecha de producción, publicación, distribución, fabricación o copyright 2012
300 ## - DESCRIPCIÓN FÍSICA
Extensión ix, 123 hojas :
Otras características físicas gráficas, diagramas, tablas, fotos +
Material acompañante/anejo 1 CD-ROM
336 ## - TIPO DE CONTENIDO
Fuente rdacontent
Término de tipo de contenido texto
Código de tipo de contenido txt
337 ## - TIPO DE MEDIO
Fuente rdamedia
Nombre/término del tipo de medio no mediado
Código del tipo de medio n
338 ## - TIPO DE SOPORTE
Fuente rdacarrier
Nombre/término del tipo de soporte volumen
Código del tipo de soporte nc
500 ## - NOTA GENERAL
Nota general El CD contiene el reporte
502 ## - NOTA DE TESIS
Nota de tesis Tesis
Tipo de título (Ingeniero Agroindustrial) --
Nombre de la institución que otorga el título UACh. Departamento de Ingeniería Agroindustrial,
Año de obtención del título 2012
504 ## - NOTA DE BIBLIOGRAFÍA, ETC.
Nota de bibliografía, etc. Bibliografía: hojas 110-112
520 3# - SUMARIO, ETC.
Sumario, etc. Actualmente la producción de cebada en el estado de Tlaxcala enfrenta una baja en la rentabilidad debido a que las empresas que compran la producción no han aumentado el precio de compra del grano en la misma proporción en que han aumentado los costos de producción. Por la razón anterior, el Sistema Producto Mexicano de la Cebada Malta A.C., en busca de alternativas, propone la creación de una planta procesadora de cebada para producir malta, esto en el marco de la reunión nacional del Sistema Producto-Cebada, celebrada el 1° de Octubre de 2010 en la Ciudad de México. Por tanto se planteó, desarrolló y analizó la factibilidad de llevar a cabo el proyecto de inversión para la creación de la planta maltera en el municipio de Tlaxco, Tlaxcala, para el procesamiento de seis mil toneladas de malta a plena capacidad. Los resultados obtenidos muestran una Tasa Interna de Rentabilidad para el proyecto de 23% y un Valor Neto Actual (VNA) de $96, 565,389.00, que indican que el proyecto es viable. Asimismo, la inversión tiene un periodo de recuperación de 5.27 años y una Relación Beneficio-Costo de 1.33. De acuerdo a dichos resultados se determina que el proyecto es factible y económicamente rentable.
520 3# - SUMARIO, ETC.
Sumario, etc. Currently the production of barley in the state of Tlaxcala faces a decline in profitability due to companies that buy the production did not increase the purchase price of grain in the same proportion that has increased production costs. For the above reason, the Sistema Producto Mexicano de la Cebada Malta A.C. in search of alternatives proposed to establish a processing plant to produce barley malt, this part of the national meeting of the Sistema Producto-Cebada, on 1 October 2010 in Mexico City. So are wont, development and analyzed the feasibility of carrying out the investment project for the creation of the malting plant in the municipality of Tlaxco, Tlaxcala for the trial of six thousand tons of malt at full capacity, which results obtained show an Internal Rate of Return for the project of 23% and Net Present Value of $ 96,565,389.00 which indicate that the project is viable, likewise, the investment has a payback period of 5.27 years and a benefit-cost ratio of 1.33. According to the above is determined that the project is economically viable and feasible to develop.
650 13 - PUNTO DE ACCESO ADICIONAL DE MATERIA--TÉRMINO DE MATERIA
Término de materia o nombre geográfico como elemento de entrada Cebada cervecera
Subdivisión general Industria y comercio
Subdivisión geográfica México
-- Tlaxcala
Fuente del encabezamiento o término atg
650 13 - PUNTO DE ACCESO ADICIONAL DE MATERIA--TÉRMINO DE MATERIA
Término de materia o nombre geográfico como elemento de entrada Iniciativa empresarial
Subdivisión geográfica México
-- Tlaxcala
Fuente del encabezamiento o término atg
650 13 - PUNTO DE ACCESO ADICIONAL DE MATERIA--TÉRMINO DE MATERIA
Término de materia o nombre geográfico como elemento de entrada Malting barley
Subdivisión general Industry and trade
Subdivisión geográfica Mexico
-- Tlaxcala
Fuente del encabezamiento o término atg
650 13 - PUNTO DE ACCESO ADICIONAL DE MATERIA--TÉRMINO DE MATERIA
Término de materia o nombre geográfico como elemento de entrada Entrepreneurship
Subdivisión geográfica Mexico
-- Tlaxcala
Fuente del encabezamiento o término atg
700 1# - PUNTO DE ACCESO ADICIONAL--NOMBRE DE PERSONA
Nombre de persona Sánchez González, Ricardo
Término indicativo de función/relación autor
700 1# - PUNTO DE ACCESO ADICIONAL--NOMBRE DE PERSONA
Nombre de persona Altamirano Cárdenas, J. Reyes
Término indicativo de función/relación director
700 1# - PUNTO DE ACCESO ADICIONAL--NOMBRE DE PERSONA
Nombre de persona Santoyo Cortés, Vinicio Horacio
Término indicativo de función/relación asesor
700 1# - PUNTO DE ACCESO ADICIONAL--NOMBRE DE PERSONA
Nombre de persona Sandoval Romero, Fermín
Término indicativo de función/relación asesor
856 41 - LOCALIZACIÓN Y ACCESO ELECTRÓNICOS
Identificador Uniforme del Recurso <a href="http://10.13.5.2/tesis/115703.pdf">http://10.13.5.2/tesis/115703.pdf</a>
Texto de enlace DESCARGAR PDF
901 ## - ELEMENTOS DE DATOS A LOCAL LDA (RLIN)
a TESIS C47 2012
942 ## - ELEMENTOS DE PUNTO DE ACCESO ADICIONAL (KOHA)
Tipo de ítem Koha TESIS
Fuente del sistema de clasificación o colocación Clasificación Universidad Autónoma Chapingo
902 ## - ELEMENTOS DE DATOS B LOCAL, LDB (RLIN)
a M
905 ## - ELEMENTOS DE DATOS E LOCAL, LDE (RLIN)
a 5232272012 mx am 8223223322spa26
Holdings
Estado de retiro Estado de pérdida Fuente del sistema de clasificación o colocación Estado dañado Restricciones de uso No para préstamo Código de colección Localización permanente Ubicación/localización actual Fecha de adquisición Fuente de adquisición Total de préstamos Signatura topográfica completa Código de barras Fecha visto por última vez Fecha del último préstamo Número de copia Precio válido a partir de Tipo de ítem Koha Ubicación en estantería
    Clasificación Universidad Autónoma de Chapingo   Préstamo 5 días   Tesis Ingenieria Agroindustrial Ingenieria Agroindustrial 01/06/2022 El autor 1 Tesis C47 2012 1101006875 20/09/2024 20/09/2024 Ej. 3 01/06/2022 CD  
    Clasificación Universidad Autónoma de Chapingo   Préstamo interno   Tesis Ingenieria Agroindustrial Ingenieria Agroindustrial 01/06/2022 El autor   Tesis C47 2012 1101006873 02/02/2026   Ej. 1 01/06/2022 Tesis  
    Clasificación Universidad Autónoma de Chapingo   Préstamo interno   Tesis Ingenieria Agroindustrial Ingenieria Agroindustrial 01/06/2022 El autor   Tesis C47 2012 1101006874 01/06/2022   Ej. 2 01/06/2022 CD  
    Clasificación Universidad Autónoma de Chapingo       Tesis digitales de Licenciatura Ingenieria Agroindustrial Ingenieria Agroindustrial 11/09/2024 El autor     1201006873 11/09/2024     11/09/2024 Tesis digital En línea